|
|
|
|
| LEADER |
00000nam0a2200000 4500 |
| 001 |
48665 |
| 005 |
20231031032102.0 |
| 035 |
|
|
|a (RuTPU)RU\TPU\book\50966
|
| 090 |
|
|
|a 48665
|
| 100 |
|
|
|a 20030320d1974 m y0rusy50 ca
|
| 101 |
0 |
|
|a rus
|
| 102 |
|
|
|a RU
|
| 105 |
|
|
|a a j 001zy
|
| 200 |
1 |
|
|a Основы проектирования машиностроительных заводов
|a Цехи механосборочного производства
|e учебное пособие для вузов
|f В. С. Мамаев, Е. Г. Осипов
|
| 210 |
|
|
|a Москва
|c Машиностроение
|d 1974
|
| 215 |
|
|
|a 295 с.
|c ил., черт.
|
| 320 |
|
|
|a Предм. указ.: с. 289-293
|
| 610 |
1 |
|
|a машиностроительные заводы
|
| 610 |
1 |
|
|a проектирование
|
| 610 |
1 |
|
|a учебные пособия
|
| 610 |
1 |
|
|a производственные здания
|
| 610 |
1 |
|
|a подъемно-транспортное оборудование
|
| 610 |
1 |
|
|a цеха
|
| 675 |
|
|
|a 621.80(075.8)
|v 3
|
| 700 |
|
1 |
|a Мамаев
|b В. С.
|g Вячеслав Сергеевич
|
| 701 |
|
1 |
|a Осипов
|b Е. Г.
|g Евгений Георгиевич
|
| 801 |
|
1 |
|a RU
|b 63413507
|c 20030320
|g PSBO
|
| 801 |
|
2 |
|a RU
|b 63413507
|c 20220719
|g PSBO
|
| 942 |
|
|
|c BK
|